000 00725nam a2200289Ia 4500
005 20260324113026.0
008 008 260324s9999 xx 000 0 eng d
020 _a9781032631370
037 _aEBOOK
040 _aCRL
040 _beng
040 _cCRL
041 _2eng
041 _aeng
084 _qCRL
100 _aDinesh Kumar; Rekha Sharma; Sapna Nehra
_91145117
245 0 _aAdvanced Materials for Batteries
245 0 _bAdvantage, Disadvantage, and Future Applications
260 _bTaylor and Francis
260 _c2024
365 _a
365 _b225
856 _uhttp://www.taylorfrancis.com/books/9781032631370
942 _cEBOOK
999 _c1734545
_d1734545